| 000 | 00738nam a22002177a 4500 | ||
|---|---|---|---|
| 005 | 2010080309559.0 | ||
| 010 | _aENG-97852 | ||
| 020 |
_a9788190774321 _c60.00 |
||
| 020 |
_a8190774328 _c60.00 |
||
| 035 | _aEN-81385 | ||
| 037 | _bDBAD/PUB | ||
| 082 | _a912 | ||
| 100 |
_aSelvi, A. Mary Thiruvalar _95293 |
||
| 245 |
_aMap elements and topographic map interpretation / _cby A Mary Thiruvalar Silvi |
||
| 260 |
_aChennai _bThirukkural Pathippagam _c2009 |
||
| 270 |
_aNo.66 Periyar Street, M.G.R. Nagar _bChennai _e600078 |
||
| 300 |
_a108p. _c20cm (pbk) |
||
| 650 |
_aMap _95294 |
||
| 942 |
_2ddc _cEN _h912 _mSEL |
||
| 999 |
_c38998 _d38998 |
||